MARC details
| 000 -CABECERA |
| campo de control de longitud fija |
00813cam a2200205 a 4500 |
| 001 - NÚMERO DE CONTROL |
| campo de control |
000019821 |
| 005 - FECHA Y HORA DE LA ÚLTIMA TRANSACCIÓN |
| campo de control |
20200929170142.0 |
| 008 - DATOS DE LONGITUD FIJA--INFORMACIÓN GENERAL |
| campo de control de longitud fija |
090408s2008 cu h 000 0 spa d |
| 020 ## - NÚMERO INTERNACIONAL ESTÁNDAR DEL LIBRO |
| Número Internacional Estándar del Libro |
9789597137399 |
| 040 ## - FUENTE DE LA CATALOGACIÓN |
| Centro catalogador/agencia de origen |
DO-SdBNP |
| Centro/agencia transcriptor |
DLC |
| Centro/agencia modificador |
BNPHU |
| Lengua de catalogación |
spa |
| 082 ## - NÚMERO DE LA CLASIFICACIÓN DECIMAL DEWEY |
| Número de clasificación |
nnnn |
| Número de documento/Ítem |
P418f |
| 245 00 - MENCIÓN DE TÍTULO |
| Título |
Pensamientos de Félix Varela y Morales / |
| Mención de responsabilidad, etc. |
selección y compilación de María Margarita León Ortiz ; edición de Carlos L. Zamora y Elda González. |
| 260 ## - PUBLICACIÓN, DISTRIBUCIÓN, ETC. |
| Lugar de publicación, distribución, etc. |
La Habana : |
| Nombre del editor, distribuidor, etc. |
Biblioteca Nacional José Martí, |
| Fecha de publicación, distribución, etc. |
2008. |
| 300 ## - DESCRIPCIÓN FÍSICA |
| Extensión |
167 p. : |
| Otras características físicas |
fascs. ; |
| Dimensiones |
21 cm. |
| 504 ## - NOTA DE BIBLIOGRAFÍA, ETC. |
| Nota de bibliografía, etc. |
Includes bibliographical references (p. 18). |
| 600 14 - PUNTO DE ACCESO ADICIONAL DE MATERIA--NOMBRE DE PERSONA |
| Nombre de persona |
Varela y Morales, Félix, |
| Fechas asociadas al nombre |
1788-1853. |
| 9 (RLIN) |
42301 |
| 700 1# - PUNTO DE ACCESO ADICIONAL--NOMBRE DE PERSONA |
| Nombre de persona |
Zamora, Carlos L., |
| Término indicativo de función/relación |
ed. |
| 9 (RLIN) |
42302 |
| 700 1# - PUNTO DE ACCESO ADICIONAL--NOMBRE DE PERSONA |
| Nombre de persona |
González, Elda, |
| Término indicativo de función/relación |
ed. |
| 9 (RLIN) |
42303 |
| 700 1# - PUNTO DE ACCESO ADICIONAL--NOMBRE DE PERSONA |
| Nombre de persona |
León Ortiz, María Margarita, |
| Fechas asociadas al nombre |
1952- |
| 9 (RLIN) |
42304 |